اختيار الاصدقاء / (رقم التسجيلة. 14254)

تفاصيل مارك
000 -LEADER
fixed length control field 00531nam a22001817a 4500
005 - DATE AND TIME OF LATEST TRANSACTION
control field 20251108164801.0
008 - FIXED-LENGTH DATA ELEMENTS--GENERAL INFORMATION
fixed length control field 250721s9999 xx 000 0 ara d
082 14 - DEWEY DECIMAL CLASSIFICATION NUMBER
Classification number ط/ق/حسي
100 1# - MAIN ENTRY--PERSONAL NAME
Personal name حسين، محمد سعيد
245 10 - TITLE STATEMENT
Title اختيار الاصدقاء /
264 1# - PRODUCTION, PUBLICATION, DISTRIBUTION, MANUFACTURE, AND COPYRIGHT NOTICE
Place of production, publication, distribution, manufacture القاهرة :
Name of producer, publisher, distributor, manufacturer الفرسان 2000،
300 ## - PHYSICAL DESCRIPTION
Extent 16ص.
650 17 - SUBJECT ADDED ENTRY--TOPICAL TERM
Topical term or geographic name as entry element القصص العربيه
650 17 - SUBJECT ADDED ENTRY--TOPICAL TERM
Topical term or geographic name as entry element ادب الاطفال
653 ## - INDEX TERM--UNCONTROLLED
Uncontrolled term اطفال مرحله متوسطه (6-9)سنوات
942 ## - ADDED ENTRY ELEMENTS (KOHA)
Source of classification or shelving scheme Dewey Decimal Classification
Koha item type كتب
المقتنيات
حالة السحب حالة الفقدان مصدر التصنيف حالة التلف غير قابل للإعارة المكتبة الرئيسية المكتبة الحالية موقع الرف تاريخ التزويد الرقم المتسلسل Total Checkouts رقم الإستدعاء الباركود تاريخ آخر ظهور تاريخ الفاتورة نوع المادة (كوها)
    Dewey Decimal Classification     مكتبة البيادر مكتبة البيادر الأطفال 12/03/2015 1593623   ط/ق/حسي PLD00318334 28/07/2025 12/03/2015 كتب
    Dewey Decimal Classification     مكتبة عدن للأطفال مكتبة عدن للأطفال الأطفال 30/03/2009 621585   ط/ق/حسي PLD00081118 28/07/2025 30/03/2009 كتب
Implemented & Customized by: BBB with SCIT (Smart Chains for Information Technology)

Powered by Koha